| 000 | 00744nam a22002417a 4500 | ||
|---|---|---|---|
| 003 | DO-SdBNP | ||
| 005 | 20240229073927.0 | ||
| 007 | ta | ||
| 008 | 210325b 2017 dr 00| 0 eng d | ||
| 020 | _a9789945168204 | ||
| 040 |
_aDO-SdBNP _bspa _cBNPHU _erda |
||
| 082 | 4 | _222 | |
| 100 | 1 |
_aLeón David _d1945- _984930 |
|
| 245 | 1 | 3 |
_aEl lenguaje de la poesía / _cLeón David. |
| 260 |
_aSanto Domingo : _bUnicornio, _c2017. |
||
| 300 |
_axiii, 103 p. : _bil. ; _c22 cm. |
||
| 500 | _aIncluye índice onomástico | ||
| 500 | _aIncluye datos biográficos del autor en la solapa de la contracubierta | ||
| 504 | _aBibliografía : p. 103 | ||
| 590 | _aInventariado, 2021 /LP | ||
| 650 | 4 |
_aPoesía _xHistoria y crítica _910741 |
|
| 942 |
_2ddc _cLBS1 |
||
| 999 |
_c49699 _d49699 |
||